00608nam a2200181Ia 4500999001700000082001600017100001900033100002400052100003900076245003900115260002700154300000800181700004000189700004400229700003700273942001100310952010500321 c58596d58593 aR/5BS(CS)07 aKantesh Kumar  aRoll No. 07BS(CS)24 aSupervisor - Mr Asghar Ali Chandio 0aPolice Station Database Services.  aNawabshahbQUESTc2011 a77p aNiman Khalid (Roll No. 07BS(CS)18)  aGhulam Hussain (Roll No. 07-06BS(CS)01) aBarkat Mir (Roll No. 07BS(CS)50) cTHESIS 00104070aRESEARCHbRESEARCHd2018-04-26l0oR/5BS(CS)07pBSCSP/08-76r2018-04-26 00:00:00yTHESIS